History Quiz

Random History or Year Quiz

Year by Historical Photo Quiz Stats

 Plays Quiz Updated Sep 24, 2014

Score 0/25 Timer 07:00
4 Plays Today
% Correct
D) 1941
87%
B) 1969
84.3%
B) 1914
82%
C) 1912
81.7%
C) 1945
81.4%
C) 2000
76.7%
B) 1963
75.1%
B) 1936
73.1%
D) 1972
72.6%
A) 1989
71.2%
B) 1944
70%
B) 1997
63.9%
B) 1948
63.1%
% Correct
A) 1975
62%
A) 1974
60%
B) 1968
57.2%
D) 1919
52.3%
A) 2003
47.7%
D) 1953
47.3%
C) 1903
46.9%
A) 1955
36%
C) 2012
35.8%
A) 1990
35.2%
D) 1937
34.2%
D) 1927
34.1%

You're not logged in!

Compare scores with friends on all Sporcle quizzes.
OR
Log In

You Might Also Like...

Show Comments

Extras

Top Quizzes Today


Score Distribution

Your Account Isn't Verified!

In order to create a playlist on Sporcle, you need to verify the email address you used during registration. Go to your Sporcle Settings to finish the process.

Report this User

Report this user for behavior that violates our Community Guidelines.

Details: